Platenie poistného samostatne zárobkovo činnej osoby

Od 1. júla 2018 do 30. júna 2019 bude povinne poistený každý živnostník, ak jeho hrubý "brutto" príjem za rok 2017 bol vyšší ako 5 472 eur. Vzniká mu povinnosť platiť sociálne poistenie od 1. júla 2018, resp. od 1. októbra 2018 (pri odloženom podani DP).

Gespeichert in:
Bibliographische Detailangaben
1. Verfasser: Paliderová, Martina
Format: Buchkapitel
Sprache:Slowakisch
Schlagworte:
Tags: Tag hinzufügen
Keine Tags, Fügen Sie das erste Tag hinzu!

MARC

LEADER 00000naa a2200000 4500
001 0247776
005 20180919111606.0
041 0 |a slo 
044 |a SK 
245 1 0 |a Platenie poistného samostatne zárobkovo činnej osoby  |c Martina Paliderová 
520 |a Od 1. júla 2018 do 30. júna 2019 bude povinne poistený každý živnostník, ak jeho hrubý "brutto" príjem za rok 2017 bol vyšší ako 5 472 eur. Vzniká mu povinnosť platiť sociálne poistenie od 1. júla 2018, resp. od 1. októbra 2018 (pri odloženom podani DP). 
610 2 0 |a živnostníci 
610 2 0 |a osoby samostatne zárobkovo činné 
610 2 0 |a poisťovne sociálne 
610 2 0 |a zákony 
610 2 0 |a novelizácia 
610 2 0 |a Slovensko 
100 1 |a Paliderová, Martina